Mahākośala ke sāhityakāra : (Record no. 54549)
[ view plain ]
| 000 -LEADER | |
|---|---|
| fixed length control field | 00683nam a2200205 i 4500 |
| 001 - CONTROL NUMBER | |
| control field | sa 63002599 |
| 003 - CONTROL NUMBER IDENTIFIER | |
| control field | DLC |
| 005 - DATE AND TIME OF LATEST TRANSACTION | |
| control field | 20260227111935.0 |
| 008 - FIXED-LENGTH DATA ELEMENTS--GENERAL INFORMATION | |
| fixed length control field | 850219s1962 ii 00010 hino |
| 010 ## - LIBRARY OF CONGRESS CONTROL NUMBER | |
| LC control number | sa 63002599 //r85 |
| 043 ## - GEOGRAPHIC AREA CODE | |
| Geographic area code | a-ii--- |
| 050 0# - LIBRARY OF CONGRESS CALL NUMBER | |
| Classification number | PK2101.M28 |
| Item number | S53 |
| 100 10 - MAIN ENTRY--PERSONAL NAME | |
| Personal name | Singh, Brij Bhushan, |
| Dates associated with a name | 1931- |
| 245 10 - TITLE STATEMENT | |
| Title | Mahākośala ke sāhityakāra : |
| Remainder of title | Mahākośala Hindī sāhitya kā āñcalika itihāsa / |
| Statement of responsibility, etc. | Brajabhūshaṇa Siṃha "Ādarśa". |
| 250 ## - EDITION STATEMENT | |
| Edition statement | 1. saṃskaraṇa. |
| 260 0# - PUBLICATION, DISTRIBUTION, ETC. | |
| Place of publication, distribution, etc. | Sāgara : |
| Name of publisher, distributor, etc. | Yādava Buka Stāla, |
| Date of publication, distribution, etc. | 1962. |
| 300 ## - PHYSICAL DESCRIPTION | |
| Extent | 168 p. ; |
| Dimensions | 22 cm. |
| 500 ## - GENERAL NOTE | |
| General note | In Hindi. |
| 650 #0 - SUBJECT ADDED ENTRY--TOPICAL TERM | |
| Topical term or geographic name entry element | Hindi literature |
| Geographic subdivision | India |
| -- | Madhya Pradesh |
| General subdivision | History and criticism. |
No items available.